| 000 | 00449 a2200145 4500 | ||
|---|---|---|---|
| 999 |
_c2188 _d2188 |
||
| 020 | _a9780071289269 | ||
| 050 | _aHM51.REA 2011 | ||
| 100 | _aFargins, James | ||
| 245 |
_aReadings in social theory : _b the classic tradition to post-modernism / _cJames Farganis |
||
| 264 |
_aNew York : _bMcGraw-Hill, _c ♭1993 |
||
| 300 | _axiii, 399 pages ; 24 cm | ||
| 500 | _alncludes index | ||
| 650 |
_a Sociology _xPhilosophy. |
||
| 942 |
_2lcc _cBK _h51 _iFAR _kHM |
||